[Event "1st Online FIDE Cup for disabled players"]
[Site "T#646224FIDE"]
[Date "2020.05.21"]
[Round "1"]
[White "SanderSeverino"]
[Black "Annegret_Mucha"]
[Result "1-0"]
[WhiteElo "1620"]
[BlackElo "1620"]
[Annotator "NA RC"]
[PlyCount "101"]
[EventDate "2020.05.21"]
[EventType "swiss (blitz)"]

1. d4 {[%emt 0:00:21]} Nf6 {[%emt 0:00:03]} 2. Nf3 {[%emt 0:00:12]} b6 {[%emt 0:00:11]} 3. c4 {[%emt 0:00:12]} Bb7 {[%emt 0:00:29]} 4. Nc3 {[%emt 0:00:09]} e6 {[%emt 0:00:14]} 5. a3 {[%emt 0:00:07]} d5 {[%emt 0:00:32]} 6. cxd5 {[%emt 0:00:21]} exd5 {[%emt 0:00:17]} 7. Bg5 {[%emt 0:00:15]} Be7 {[%emt 0:00:05]} 8. e3 {[%emt 0:00:10]} O-O {[%emt 0:00:06]} 9. Bd3 {[%emt 0:00:50]} c5 {[%emt 0:00:29]} 10. dxc5 {[%emt 0:00:22]} bxc5 {[%emt 0:00:05]} 11. O-O {[%emt 0:00:06]} Nbd7 {[%emt 0:00:13]} 12. Rc1 {[%emt 0:00:31]} Rc8 {[%emt 0:00:26]} 13. Bf5 {[%emt 0:00:26]} Ra8 {[%emt 0:01:11]} 14. Qe2 {[%emt 0:01:10]} g6 {[%emt 0:00:25]} 15. Bb1 {[%emt 0:00:20]} Ne4 {[%emt 0:00:53]} 16. Bxe7 {[%emt 0:00:40]} Qxe7 {[%emt 0:00:04]} 17. Nxe4 {[%emt 0:00:47]} dxe4 {[%emt 0:00:03]} 18. Nd2 {[%emt 0:00:02]} Qe6 {[%emt 0:01:32]} 19. Qc4 {[%emt 0:00:58]} Bd5 {[%emt 0:00:20]} 20. Qa4 {[%emt 0:00:24]} f5 {[%emt 0:00:23]} 21. Rfe1 {[%emt 0:00:59]} Rfb8 {[%emt 0:00:16]} 22. b4 {[%emt 0:00:59]} cxb4 {[%emt 0:00:19]} 23. axb4 {[%emt 0:00:00]} Nb6 {[%emt 0:00:08]} 24. Qa5 {[%emt 0:00:08]} Qf7 {[%emt 0:01:49]} 25. Rc5 {[%emt 0:00:19]} Rc8 {[%emt 0:00:19]} 26. Rec1 {[%emt 0:00:04]} Rxc5 {[%emt 0:00:04]} 27. bxc5 {[%emt 0:00:03]} Rc8 {[%emt 0:00:34]} 28. Qa3 {[%emt 0:00:37]} Nd7 {[%emt 0:00:12]} 29. Qa6 {[%emt 0:00:42]} Qe8 {[%emt 0:00:30] Annegret_Mucha bietet Remis} 30. Qxa7 {[%emt 0:00:07]} Ra8 {[%emt 0:00:13]} 31. Qc7 {[%emt 0:00:03]} Rc8 {[%emt 0:00:03]} 32. Qd6 {[%emt 0:00:02]} Bf7 {[%emt 0:00:04]} 33. c6 {[%emt 0:00:04]} Ne5 {[%emt 0:00:06]} 34. c7 {[%emt 0:00:04]} Kg7 {[%emt 0:00:08]} 35. Bc2 {[%emt 0:00:03]} Qe6 {[%emt 0:00:04]} 36. Qc5 {[%emt 0:00:08]} Nd7 {[%emt 0:00:02]} 37. Qc3+ {[%emt 0:00:03]} Kg8 {[%emt 0:00:02]} 38. Bb3 {[%emt 0:00:02]} Qe5 {[%emt 0:00:05]} 39. Bxf7+ {[%emt 0:00:05]} Kxf7 {[%emt 0:00:01]} 40. Qc6 {[%emt 0:00:08]} Qe6 {[%emt 0:00:06]} 41. Qc3 {[%emt 0:00:04]} Qe5 {[%emt 0:00:02]} 42. Qc2 {[%emt 0:00:03]} Qe6 {[%emt 0:00:05]} 43. Nb3 {[%emt 0:00:07]} Ne5 {[%emt 0:00:06]} 44. Nd4 {[%emt 0:00:01]} Qd6 {[%emt 0:00:08]} 45. Nb5 {[%emt 0:00:08]} Qb6 {[%emt 0:00:06]} 46. Qa2+ {[%emt 0:00:12]} Kg7 {[%emt 0:00:08]} 47. Qb2 {[%emt 0:00:05]} Kf6 {[%emt 0:00:10]} 48. h3 {[%emt 0:00:08]} h6 {[%emt 0:00:09]} 49. Rd1 {[%emt 0:00:04]} Rxc7 {[%emt 0:00:07]} 50. Rd6+ {[%emt 0:00:02]} Qxd6 {[%emt 0:00:05]} 51. Nxd6 {[%emt 0:00:00] Zeit (Lag: Av=0.88s, max=1.2s)} 1-0

[Event "1st Online FIDE Cup for disabled players"]
[Site "T#646224FIDE"]
[Date "2020.05.21"]
[Round "1"]
[White "SargissyanSargis"]
[Black "Sahinhandenur"]
[Result "1/2-1/2"]
[WhiteElo "1620"]
[BlackElo "1620"]
[Annotator "NA RC"]
[PlyCount "89"]
[EventDate "2020.05.21"]
[EventType "swiss (blitz)"]

1. e4 {[%emt 0:00:04]} e5 {[%emt 0:00:02]} 2. Nf3 {[%emt 0:00:05]} Nc6 {[%emt 0:00:04]} 3. Bb5 {[%emt 0:00:11]} a6 {[%emt 0:00:20]} 4. Ba4 {[%emt 0:00:03]} Nf6 {[%emt 0:00:02]} 5. O-O {[%emt 0:00:08]} Be7 {[%emt 0:00:08]} 6. d3 {[%emt 0:00:10]} d6 {[%emt 0:00:03]} 7. c4 {[%emt 0:00:09]} O-O {[%emt 0:00:12]} 8. Nc3 {[%emt 0:00:01]} Bg4 {[%emt 0:00:06]} 9. h3 {[%emt 0:00:04]} Bh5 {[%emt 0:00:03]} 10. Be3 {[%emt 0:00:07]} Nd4 {[%emt 0:00:38]} 11. Bxd4 {[%emt 0:03:19]} exd4 {[%emt 0:00:06]} 12. Nd5 {[%emt 0:00:18]} Bxf3 {[%emt 0:03:12]} 13. Qxf3 {[%emt 0:00:22]} Nd7 {[%emt 0:00:08]} 14. Bxd7 {[%emt 0:00:55]} Qxd7 {[%emt 0:00:07]} 15. Qg4 {[%emt 0:00:08]} Rad8 {[%emt 0:00:44]} 16. f4 {[%emt 0:00:44]} c6 {[%emt 0:00:06]} 17. Nxe7+ {[%emt 0:00:12]} Qxe7 {[%emt 0:00:02]} 18. Rae1 {[%emt 0:00:09]} f6 {[%emt 0:00:52]} 19. Qh4 {[%emt 0:00:27]} Rfe8 {[%emt 0:00:17]} 20. Qf2 {[%emt 0:00:04]} c5 {[%emt 0:00:08]} 21. Qh4 {[%emt 0:00:53]} Qc7 {[%emt 0:00:16]} 22. Qh5 {[%emt 0:00:34]} b5 {[%emt 0:00:27]} 23. b3 {[%emt 0:00:21]} Qd7 {[%emt 0:01:47] Sahinhandenur beraberlik teklif ediyor} 24. g4 {[%emt 0:00:31]} bxc4 {[%emt 0:00:29]} 25. bxc4 {[%emt 0:00:02]} Qf7 {[%emt 0:00:52]} 26. Qh4 {[%emt 0:01:02]} Rb8 {[%emt 0:00:15]} 27. Rf2 {[%emt 0:00:03]} Rb7 {[%emt 0:00:09]} 28. Ref1 {[%emt 0:00:38]} Qg6 {[%emt 0:00:26]} 29. Qg3 {[%emt 0:00:04]} h5 {[%emt 0:00:03]} 30. g5 {[%emt 0:00:19]} Rf7 {[%emt 0:00:01]} 31. f5 {[%emt 0:00:05]} Qxg5 {[%emt 0:00:02]} 32. Qxg5 {[%emt 0:00:02]} fxg5 {[%emt 0:00:01]} 33. Rg2 {[%emt 0:00:00]} Rb8 {[%emt 0:00:19]} 34. Rxg5 {[%emt 0:00:03]} Rb2 {[%emt 0:00:01]} 35. Rf2 {[%emt 0:00:23]} Rxf2 {[%emt 0:00:12]} 36. Kxf2 {[%emt 0:00:01]} Kf8 {[%emt 0:00:11]} 37. Rxh5 {[%emt 0:00:14]} Rb7 {[%emt 0:00:04]} 38. Rh8+ {[%emt 0:00:09]} Kf7 {[%emt 0:00:01]} 39. Rd8 {[%emt 0:00:04]} Rb2+ {[%emt 0:00:02]} 40. Kf3 {[%emt 0:00:00]} Ke7 {[%emt 0:00:02]} 41. Rg8 {[%emt 0:00:02]} Kf6 {[%emt 0:00:02]} 42. Rd8 {[%emt 0:00:02]} Ke7 {[%emt 0:00:02]} 43. Rg8 {[%emt 0:00:03]} Kf6 {[%emt 0:00:02]} 44. Rf8+ {[%emt 0:00:06]} Ke7 {[%emt 0:00:03]} 45. Rg8 {[%emt 0:00:12] (Lag: Av=0.73s, max=1.1s)} 1/2-1/2

[Event "1st Online FIDE Cup for disabled players"]
[Site "T#646224FIDE"]
[Date "2020.05.21"]
[Round "1"]
[White "Soltanov_Serik"]
[Black "Sadamalisheikh"]
[Result "1-0"]
[WhiteElo "1620"]
[BlackElo "1543"]
[Annotator "NA RC"]
[PlyCount "61"]
[EventDate "2020.05.21"]
[EventType "swiss (blitz)"]

1. d4 {[%emt 0:00:02]} e6 {[%emt 0:00:04]} 2. c4 {[%emt 0:00:03]} d5 {[%emt 0:00:19]} 3. Nc3 {[%emt 0:00:05]} Be7 {[%emt 0:00:14]} 4. Nf3 {[%emt 0:00:03]} Nf6 {[%emt 0:00:04]} 5. Bg5 {[%emt 0:00:03]} h6 {[%emt 0:00:25]} 6. Bh4 {[%emt 0:00:03]} O-O {[%emt 0:00:17]} 7. e3 {[%emt 0:00:04]} b6 {[%emt 0:00:08]} 8. cxd5 {[%emt 0:00:05]} e5 {[%emt 0:00:07]} 9. dxe5 {[%emt 0:00:09]} Nxd5 {[%emt 0:00:08]} 10. Qxd5 {[%emt 0:00:33]} Qxd5 {[%emt 0:00:48]} 11. Nxd5 {[%emt 0:00:04]} Bxh4 {[%emt 0:00:10]} 12. Nxh4 {[%emt 0:00:17]} a5 {[%emt 0:00:47]} 13. Nxc7 {[%emt 0:00:15]} Ra7 {[%emt 0:00:08]} 14. Nb5 {[%emt 0:00:03]} Rd7 {[%emt 0:00:07]} 15. Be2 {[%emt 0:00:14]} Nc6 {[%emt 0:00:18]} 16. Nf3 {[%emt 0:00:07]} Nb4 {[%emt 0:00:17]} 17. Kf1 {[%emt 0:00:04]} Rfd8 {[%emt 0:00:11]} 18. Kg1 {[%emt 0:00:00]} Bb7 {[%emt 0:00:30]} 19. h3 {[%emt 0:00:03]} Bxf3 {[%emt 0:00:12]} 20. Bxf3 {[%emt 0:00:03]} Rd5 {[%emt 0:00:19]} 21. Bxd5 {[%emt 0:00:05]} Rxd5 {[%emt 0:00:14]} 22. Nc3 {[%emt 0:00:04]} Rxe5 {[%emt 0:00:17]} 23. Kh2 {[%emt 0:00:09]} Nd3 {[%emt 0:00:09]} 24. Rhf1 {[%emt 0:00:24]} Nxb2 {[%emt 0:00:08]} 25. Rab1 {[%emt 0:00:04]} Nd3 {[%emt 0:00:05]} 26. Rxb6 {[%emt 0:00:05]} Nb4 {[%emt 0:01:20]} 27. a3 {[%emt 0:00:17]} Nc2 {[%emt 0:00:26]} 28. Rb5 {[%emt 0:00:08]} Re6 {[%emt 0:00:13]} 29. Rxa5 {[%emt 0:00:04]} Rf6 {[%emt 0:00:03]} 30. Nd5 {[%emt 0:00:07]} Re6 {[%emt 0:00:04]} 31. Rc1 {[%emt 0:00:09] Sadamalisheikh resigns (Lag: Av=0.92s, max=1.2s)} 1-0

[Event "1st Online FIDE Cup for disabled players"]
[Site "T#646224FIDE"]
[Date "2020.05.21"]
[Round "1"]
[White "Acsgabor"]
[Black "Marcin Tazbir"]
[Result "0-1"]
[WhiteElo "1597"]
[BlackElo "1620"]
[Annotator "NA RC"]
[PlyCount "74"]
[EventDate "2020.05.21"]
[EventType "swiss (blitz)"]

1. e4 {[%emt 0:00:07]} c5 {[%emt 0:00:02]} 2. c3 {[%emt 0:00:32]} Nf6 {[%emt 0:00:05]} 3. e5 {[%emt 0:00:51]} Nd5 {[%emt 0:00:02]} 4. g3 {[%emt 0:00:02]} d6 {[%emt 0:00:03]} 5. exd6 {[%emt 0:00:05]} e6 {[%emt 0:00:24]} 6. Bg2 {[%emt 0:00:02]} Bxd6 {[%emt 0:00:01]} 7. Nf3 {[%emt 0:00:01]} O-O {[%emt 0:00:01]} 8. O-O {[%emt 0:00:02]} Nc6 {[%emt 0:00:01]} 9. Na3 {[%emt 0:00:18]} b6 {[%emt 0:00:11]} 10. d4 {[%emt 0:01:10]} Ba6 {[%emt 0:00:51]} 11. Re1 {[%emt 0:00:06]} cxd4 {[%emt 0:00:02]} 12. Nxd4 {[%emt 0:00:07]} Nxd4 {[%emt 0:00:03]} 13. Qxd4 {[%emt 0:00:03]} Bc5 {[%emt 0:01:40]} 14. Qa4 {[%emt 0:00:53]} Qf6 {[%emt 0:00:31]} 15. Be3 {[%emt 0:02:15]} Nxe3 {[%emt 0:00:19]} 16. fxe3 {[%emt 0:00:09]} Bd3 {[%emt 0:00:02]} 17. Bxa8 {[%emt 0:00:50]} Rxa8 {[%emt 0:00:02]} 18. Qf4 {[%emt 0:00:02]} Qe7 {[%emt 0:00:30]} 19. Rad1 {[%emt 0:00:23]} e5 {[%emt 0:00:09]} 20. Qf2 {[%emt 0:00:37]} e4 {[%emt 0:00:04]} 21. Nc2 {[%emt 0:00:04]} Qe6 {[%emt 0:00:12]} 22. b3 {[%emt 0:00:15]} g6 {[%emt 0:00:09]} 23. Nd4 {[%emt 0:00:01]} Qe5 {[%emt 0:00:01]} 24. Qf4 {[%emt 0:00:06]} Qe7 {[%emt 0:00:17]} 25. Rd2 {[%emt 0:00:13]} Bd6 {[%emt 0:00:19]} 26. Qf2 {[%emt 0:00:08]} Rc8 {[%emt 0:00:04]} 27. Rc1 {[%emt 0:00:03]} Ba3 {[%emt 0:00:02]} 28. Rcd1 {[%emt 0:00:15]} Rxc3 {[%emt 0:00:10]} 29. Ne2 {[%emt 0:00:03]} Rc8 {[%emt 0:00:05]} 30. Nf4 {[%emt 0:00:01]} Bc1 {[%emt 0:00:44]} 31. Rxd3 {[%emt 0:00:20]} exd3 {[%emt 0:00:03]} 32. Rxd3 {[%emt 0:00:00]} Rc5 {[%emt 0:00:11]} 33. e4 {[%emt 0:00:11]} Qxe4 {[%emt 0:00:39]} 34. Rd8+ {[%emt 0:00:13]} Kg7 {[%emt 0:00:01]} 35. Rd4 {[%emt 0:00:17]} Qe7 {[%emt 0:00:15]} 36. Ng2 {[%emt 0:00:14]} Rf5 {[%emt 0:00:34]} 37. Qe1 {[%emt 0:00:55] Marcin Tazbir reconnected.} Qxe1+ {[%emt 0:00:04] Acsgabor feladja (Lag: Av=1.30s, max=33.9s)} 0-1

[Event "1st Online FIDE Cup for disabled players"]
[Site "T#646224FIDE"]
[Date "2020.05.21"]
[Round "1"]
[White "Thuyttb80"]
[Black "ScerbinDmitrij"]
[Result "0-1"]
[WhiteElo "1496"]
[BlackElo "1620"]
[Annotator "NA RC"]
[PlyCount "60"]
[EventDate "2020.05.21"]
[EventType "swiss (blitz)"]

1. d4 {[%emt 0:00:14]} d5 {[%emt 0:00:04]} 2. Nc3 {[%emt 0:00:06]} Nf6 {[%emt 0:00:08]} 3. Bf4 {[%emt 0:00:07]} c6 {[%emt 0:00:22]} 4. e3 {[%emt 0:00:10]} Bf5 {[%emt 0:00:13]} 5. f3 {[%emt 0:00:11]} h6 {[%emt 0:00:22]} 6. g4 {[%emt 0:00:14]} Bg6 {[%emt 0:00:10]} 7. Bd3 {[%emt 0:00:17]} Bxd3 {[%emt 0:00:10]} 8. Qxd3 {[%emt 0:00:02]} Qa5 {[%emt 0:00:11]} 9. O-O-O {[%emt 0:00:07]} Nbd7 {[%emt 0:00:05]} 10. Nge2 {[%emt 0:01:14]} e6 {[%emt 0:00:08]} 11. h4 {[%emt 0:00:20]} Nb6 {[%emt 0:00:22]} 12. g5 {[%emt 0:00:13]} Nh5 {[%emt 0:00:24]} 13. gxh6 {[%emt 0:00:17]} Nxf4 {[%emt 0:00:14]} 14. Nxf4 {[%emt 0:00:13]} Rxh6 {[%emt 0:00:07]} 15. e4 {[%emt 0:00:35]} Kd8 {[%emt 0:00:14]} 16. exd5 {[%emt 0:00:27]} cxd5 {[%emt 0:00:04]} 17. Ng2 {[%emt 0:00:57]} Rc8 {[%emt 0:00:10]} 18. Ne3 {[%emt 0:00:14]} Bb4 {[%emt 0:00:07]} 19. Kd2 {[%emt 0:01:33]} Na4 {[%emt 0:00:13]} 20. Rc1 {[%emt 0:01:41]} Nxb2 {[%emt 0:00:12]} 21. Qf1 {[%emt 0:00:20]} Rxc3 {[%emt 0:00:11]} 22. Ke2 {[%emt 0:00:06]} Rxe3+ {[%emt 0:00:06]} 23. Kxe3 {[%emt 0:00:12]} Bd2+ {[%emt 0:00:04]} 24. Ke2 {[%emt 0:00:01]} Bxc1 {[%emt 0:00:06]} 25. Qxc1 {[%emt 0:00:01]} Qc3 {[%emt 0:00:06]} 26. Qb1 {[%emt 0:01:04]} Qxd4 {[%emt 0:00:12]} 27. Re1 {[%emt 0:00:07]} Rxh4 {[%emt 0:00:09]} 28. Rh1 {[%emt 0:00:28]} Nc4 {[%emt 0:00:19]} 29. Qxb7 {[%emt 0:00:24]} Qd2+ {[%emt 0:00:06]} 30. Kf1 {[%emt 0:00:02]} Ne3+ {[%emt 0:00:04] Thuyttb80 resigns (Lag: Av=0.76s, max=1.4s)} 0-1

[Event "1st Online FIDE Cup for disabled players"]
[Site "T#646224FIDE"]
[Date "2020.05.21"]
[Round "2"]
[White "yurmesh"]
[Black "Soltanov_Serik"]
[Result "1-0"]
[WhiteElo "1999"]
[BlackElo "1620"]
[Annotator "TA"]
[PlyCount "127"]
[EventDate "2020.05.21"]
[EventType "swiss (blitz)"]

{[%evp 13,127,19,14,-75,-25,-33,-40,-40,0,0,0,0,0,0,0,-4,15,19,14,27,23,6,50,57,55,58,58,39,49,18,41,47,48,41,50,41,55,55,56,56,61,51,62,62,62,62,62,0,0,0,62,62,62,50,62,62,89,85,120,114,162,134,134,134,134,100,100,100,184,184,224,208,208,202,454,243,338,325,388,372,285,285,305,-422,296,303,4910,2227,2804,974,979,947,29981,29982,29982,29983,29987,29983,29985,29982,29981,29973,29975,29973,29977,2082,29993,29994,29994,29995,29995,29996,29996,29997,29998,29999]} 1. e4 d6 2. d4 Nf6 3. Nc3 g6 4. Nf3 Bg7 5. Be2 O-O 6. O-O Nc6 7. h3 e5 8. Bg5 {B08: Pirc Defence: Classical System.} (8. dxe5 $11 {remains equal.} dxe5 9. Be3) 8... exd4 9. Nd5 {[#]} Be6 $146 ({Predecessor:} 9... Re8 10. Nxd4 Rxe4 11. Nb5 Bf5 12. Nbxc7 Rd4 13. Qe1 Rc8 14. c3 Re4 15. Bxf6 Bxf6 16. Nxf6+ Qxf6 {1-0 (52) Roemling,S-Bergmann,A (2210) Germany 1996}) 10. Re1 {Black is slightly better.} Bxd5 11. exd5 Ne7 12. Bc4 h6 13. Bxf6 $1 Bxf6 14. Nxd4 Qd7 15. c3 a6 16. a4 Rfe8 17. Qd3 Nf5 18. Nxf5 Qxf5 19. Qxf5 gxf5 20. Bd3 f4 21. Bf5 Re5 22. Rxe5 Bxe5 $14 {[%mdl 4096] Endgame KRB-KRB} 23. Kf1 Kg7 24. Ke2 Kf6 25. Bd3 Rg8 26. Kf3 a5 27. Re1 c5 28. Bb5 Rc8 29. Re4 Rg8 30. Bd7 Rd8 31. Bb5 Rg8 $1 32. Bf1 Rg7 33. Ke2 Rg8 34. Kd3 Kf5 35. Re1 Ra8 36. Kc4 h5 37. Be2 Kg5 38. Kb5 Ra6 39. Bf3 h4 40. Be2 Kf6 {[#]} (40... Kg6 $16 41. Bd3+ Kg5) 41. Bg4 $1 $18 Ke7 42. Bc8 Ra8 43. Bxb7 Rh8 $2 (43... Rb8 44. Kc6 Kf6) 44. f3 (44. Kxa5 $142 {And now Kb6 would win.} f3 45. gxf3) 44... Kd8 45. Kb6 ({Less strong is} 45. Kxa5 Kc7 $16) 45... Rg8 46. Re2 Re8 47. Bc6 Re7 48. Kxa5 $4 {[%mdl 8192] [#]} (48. Rc2 $18) 48... Kc7 $4 {[%mdl 8192]} (48... Bxc3+ $1 $19 49. bxc3 Rxe2) 49. Kb5 {White leaves nothing to chance now.} f6 $2 (49... Bf6 50. Rxe7+ Bxe7) 50. a5 Kb8 51. b4 (51. Kb6 $142 Ra7 52. a6 Rxa6+ 53. Kxa6) 51... cxb4 52. cxb4 Ka7 53. Ka4 Rg7 54. b5 Rg8 55. Kb4 Rb8 56. Kc4 Rg8 57. Ra2 Rb8 58. Kb4 Rg8 59. Rc2 (59. b6+ $142 Ka6 60. Rc2 Rg7 61. Bb5+ Kb7 62. Rc6 Rh7 63. Bd3 Rd7 64. a6+ Kb8 65. Bf5) 59... Rd8 60. b6+ {White mates.} Ka6 61. Bb5+ Kb7 62. Rc7+ Kb8 63. a6 {[%cal Ba5a6,Ba6a7][%mdl 32]} Rg8 64. a7+ {Accuracy: White = 75%, Black = 53%.} 1-0

[Event "1st Online FIDE Cup for disabled players"]
[Site "T#646224FIDE"]
[Date "2020.05.21"]
[Round "2"]
[White "ValentaVitFM1978"]
[Black "Andrei_Gurbanov"]
[Result "1-0"]
[WhiteElo "1851"]
[BlackElo "1769"]
[Annotator "NA RC"]
[PlyCount "73"]
[EventDate "2020.05.21"]
[EventType "swiss (blitz)"]

1. b4 {[%emt 0:00:05]} e5 {[%emt 0:00:12]} 2. Bb2 {[%emt 0:00:02]} f6 {[%emt 0:00:06]} 3. a3 {[%emt 0:00:03]} d5 {[%emt 0:00:01]} 4. e3 {[%emt 0:00:04]} Be6 {[%emt 0:00:03]} 5. d3 {[%emt 0:00:03]} a5 {[%emt 0:00:05]} 6. c3 {[%emt 0:00:04]} c5 {[%emt 0:00:04]} 7. b5 {[%emt 0:00:04]} Bd6 {[%emt 0:00:07]} 8. a4 {[%emt 0:00:04]} Nd7 {[%emt 0:00:02]} 9. Nd2 {[%emt 0:00:04]} Ne7 {[%emt 0:00:03]} 10. c4 {[%emt 0:00:05]} d4 {[%emt 0:00:04]} 11. e4 {[%emt 0:00:10]} O-O {[%emt 0:00:02]} 12. Ngf3 {[%emt 0:00:04]} g5 {[%emt 0:00:08]} 13. h3 {[%emt 0:00:07]} Ng6 {[%emt 0:00:01]} 14. g3 {[%emt 0:00:04]} f5 {[%emt 0:00:11]} 15. exf5 {[%emt 0:00:45]} Rxf5 {[%emt 0:00:15]} 16. Ne4 {[%emt 0:00:07]} Be7 {[%emt 0:00:03]} 17. Bg2 {[%emt 0:00:10]} Kh8 {[%emt 0:00:05]} 18. Qe2 {[%emt 0:00:09]} Nb6 {[%emt 0:00:12]} 19. h4 {[%emt 0:00:33]} gxh4 {[%emt 0:00:18]} 20. Bh3 {[%emt 0:00:05]} hxg3 {[%emt 0:00:14]} 21. Bxf5 {[%emt 0:00:21]} gxf2+ {[%emt 0:00:02]} 22. Qxf2 {[%emt 0:00:47]} Bxf5 {[%emt 0:00:07]} 23. Nxe5 {[%emt 0:00:24]} Qf8 {[%emt 0:00:57]} 24. Nxg6+ {[%emt 0:00:20]} Bxg6 {[%emt 0:00:00]} 25. Qg2 {[%emt 0:00:14]} Kg7 {[%emt 0:00:26]} 26. Bc1 {[%emt 0:00:10]} Qf5 {[%emt 0:00:03]} 27. Bh6+ {[%emt 0:00:10]} Kg8 {[%emt 0:00:03]} 28. O-O-O {[%emt 0:00:27]} Nxc4 {[%emt 0:00:12]} 29. Rdf1 {[%emt 0:00:15]} Qe6 {[%emt 0:00:09]} 30. Ng5 {[%emt 0:01:10]} Bxg5+ {[%emt 0:00:14]} 31. Qxg5 {[%emt 0:00:24]} Ne3 {[%emt 0:02:01]} 32. Rf6 {[%emt 0:00:06]} Qg4 {[%emt 0:00:16]} 33. Rxg6+ {[%emt 0:00:15]} hxg6 {[%emt 0:00:06]} 34. Qf6 {[%emt 0:00:03]} Nf5 {[%emt 0:00:35]} 35. Qe6+ {[%emt 0:00:08]} Kh7 {[%emt 0:00:01]} 36. Qf7+ {[%emt 0:00:09]} Kh8 {[%emt 0:00:07]} 37. Bf8+ {[%emt 0:00:06] Andrei_Gurbanov Сдается (Lag: Av=0.57s, max=0.7s)} 1-0

[Event "1st Online FIDE Cup for disabled players"]
[Site "T#646224FIDE"]
[Date "2020.05.21"]
[Round "2"]
[White "Aleksandra_Aleksandrov"]
[Black "Morphy1977"]
[Result "0-1"]
[WhiteElo "1620"]
[BlackElo "1675"]
[Annotator "NA"]
[PlyCount "88"]
[EventDate "2020.05.21"]
[EventType "swiss (blitz)"]

1. d4 {[%emt 0:00:08]} Nf6 {[%emt 0:00:11]} 2. e3 {[%emt 0:00:04]} g6 {[%emt 0:00:11]} 3. Nd2 {[%emt 0:00:03]} Bg7 {[%emt 0:00:13]} 4. c3 {[%emt 0:00:02]} O-O {[%emt 0:00:07]} 5. Bd3 {[%emt 0:00:05]} d6 {[%emt 0:00:24]} 6. Qc2 {[%emt 0:00:06]} e5 {[%emt 0:00:16]} 7. Ngf3 {[%emt 0:00:13]} Nc6 {[%emt 0:01:07]} 8. O-O {[%emt 0:00:14]} Nh5 {[%emt 0:01:06]} 9. dxe5 {[%emt 0:00:29]} dxe5 {[%emt 0:00:13]} 10. Ne4 {[%emt 0:01:15]} f5 {[%emt 0:00:33]} 11. Bc4+ {[%emt 0:00:05]} Kh8 {[%emt 0:00:10]} 12. Rd1 {[%emt 0:00:56]} Qe7 {[%emt 0:00:09]} 13. Ng3 {[%emt 0:00:04]} Nf6 {[%emt 0:00:24]} 14. Ng5 {[%emt 0:00:31]} h6 {[%emt 0:00:13]} 15. Nh3 {[%emt 0:00:22]} e4 {[%emt 0:00:19]} 16. Nf4 {[%emt 0:00:08]} Ne5 {[%emt 0:00:09]} 17. Be2 {[%emt 0:00:10]} g5 {[%emt 0:01:00]} 18. Nfh5 {[%emt 0:00:07]} Nxh5 {[%emt 0:00:07]} 19. Nxh5 {[%emt 0:00:02]} Be6 {[%emt 0:00:09]} 20. Nxg7 {[%emt 0:00:05]} Kxg7 {[%emt 0:00:06]} 21. b3 {[%emt 0:00:01]} Rad8 {[%emt 0:00:18]} 22. Bb2 {[%emt 0:00:03]} Kg8 {[%emt 0:00:36]} 23. c4 {[%emt 0:00:08]} Ng6 {[%emt 0:00:10]} 24. Bh5 {[%emt 0:00:13]} Nh4 {[%emt 0:00:16]} 25. Qc3 {[%emt 0:00:07]} Kh7 {[%emt 0:00:14]} 26. a4 {[%emt 0:01:01]} f4 {[%emt 0:00:11]} 27. Ba3 {[%emt 0:00:07]} c5 {[%emt 0:00:10]} 28. b4 {[%emt 0:00:14]} f3 {[%emt 0:00:24]} 29. Qe5 {[%emt 0:00:21]} fxg2 {[%emt 0:00:36]} 30. Qxe4+ {[%emt 0:00:10]} Kg8 {[%emt 0:00:30]} 31. Bg4 {[%emt 0:00:30]} Rxd1+ {[%emt 0:00:43]} 32. Rxd1 {[%emt 0:00:06]} Re8 {[%emt 0:00:38]} 33. Bxe6+ {[%emt 0:01:07]} Qxe6 {[%emt 0:00:03]} 34. Qxe6+ {[%emt 0:00:01]} Rxe6 {[%emt 0:00:02]} 35. bxc5 {[%emt 0:00:02]} Re5 {[%emt 0:00:12]} 36. Rd7 {[%emt 0:00:18]} Re4 {[%emt 0:00:00]} 37. Rd4 {[%emt 0:00:16]} Nf3+ {[%emt 0:00:17]} 38. Kxg2 {[%emt 0:00:04]} Nxd4 {[%emt 0:00:04]} 39. exd4 {[%emt 0:00:06]} Rxd4 {[%emt 0:00:01]} 40. c6 {[%emt 0:00:37]} bxc6 {[%emt 0:00:04]} 41. Bc5 {[%emt 0:00:02]} Rxc4 {[%emt 0:00:05]} 42. Bxa7 {[%emt 0:00:06]} Rxa4 {[%emt 0:00:01]} 43. Kf3 {[%emt 0:00:03]} Kf7 {[%emt 0:00:04]} 44. Ke3 {[%emt 0:00:11]} Rxa7 {[%emt 0:00:02] Aleksandra_Aleksandrov Ñäàåòñÿ (Lag: Av=1.69s, max=7.0s)} 0-1